000
00214nam a22000857a 4500
008
170208b xxu||||| |||| 00| 0 eng d
100
_9
2810
_a
Bharat Scouts
245
_a
A Guide for Guiding
260
_a
New Delhi
_b
BS
_c
2011
999
_c
6025
_d
6025